000 00292nam a22001337a 4500
008 180222b xxu||||| |||| 00| 0 eng d
020 _a0604044861
041 _aeng
080 _a33
100 _a52
101 _aEKO
245 _aThe economics public issues
_cNorth,D.C
942 _2udc
_cBK
999 _c43141
_d43141